000 00985cam a22002651i 4500
003 SA-RiAUC
005 20241123170219.0
008 241123s1988 le a g 00000 ara c
040 _aSUDANNAT
_bara
_cSA-RiAUC
_erda
050 4 _bS53 1988
082 0 4 _a330.9
_qSA-RiAUC
090 _a330.9
_bش ا ك
100 1 _aشاكر، محمود محمد،
_d1909-1997
_eمؤلف.
245 1 0 _aاقتصاديات العالم الإسلامي /
_cمحمود محمد شاكر.
250 _aالطبعة السادسة.
264 1 _aبيروت :
_bالمكتب الإسلامي،
_c1988
300 _a272 صفحة :
_bإيضاحيات ؛
_c24 × 17 سم
336 _aنص
_btxt
_2rdacontent
_3كتاب
337 _aبدون وسيط
_bn
_2rdamedia
338 _aمجلد
_bnc
_2rdacarrier
563 _aفني أبيض.
651 7 _aالبلاد الإسلامية
_xأحوال اقتصادية
_2aucsh
942 _2ddc
_cBOOK
_n0
949 _aSA-JeALM
_d241123
_umohamedma123
_n1
999 _c2663
_d2663